[Event "Titled Tuesday intern op 23rd Jan Early"]
[White "Shapiro, Viktor"]
[Black "Rakitin, Daniil"]
[Site "Chess.com INT"]
[Round "4"]
[Result "0-1"]
[Date "2024.01.23"]
[WhiteElo "2113"]
[BlackElo "2206"]
[PlyCount "90"]
[EventDate "2024.01.23"]
[EventType "swiss (blitz)"]
[EventRounds "11"]
[EventCountry "USA"]
[SourceTitle "EXT 2025"]
[Source "ChessBase"]
[SourceDate "2024.10.14"]
[SourceVersion "1"]
[SourceVersionDate "2024.10.14"]
[SourceQuality "1"]

1. c4 Nf6 2. Nc3 e5 3. g3 Bb4 4. Bg2 0-0 5. Nf3 d6 6. 0-0 Re8 7. d3 h6 8. e4 a5 9. Nh4 Nc6 10. h3 Nd4 11. Be3 Bc5 12. Nf3 c6 13. Kh2 Nd7 14. a3 Nf8 15. Rb1 Ng6 16. b4 Ba7 17. Bxd4 exd4 18. Ne2 Qf6 19. b5 Bc5 20. a4 h5 21. Qd2 h4 22. Qg5 hxg3+ 23. fxg3 Qxg5 24. Nxg5 Ne5 25. Rb3 f6 26. Nf3 cxb5 27. Rxb5 Nxd3 28. Nfxd4 Ne5 29. Nf5 g6 30. Nh4 Kg7 31. Nf4 Ra7 32. Nd5 Rf8 33. Nf3 Bd7 34. Rbb1 Bxa4 35. Nxe5 dxe5 36. Rfc1 Bc6 37. h4 a4 38. Nc3 a3 39. Nb5 Bxb5 40. cxb5 a2 41. Ra1 Bd4 42. b6 Ra3 43. Rc7+ Rf7 44. Rxa2 Rxa2 45. Rxf7+ Kxf7 0-1

[Event "Titled Tuesday intern op 16th Jan Early"]
[White "Balint, Peter1"]
[Black "Rakitin, Daniil"]
[Site "Chess.com INT"]
[Round "6"]
[Result "0-1"]
[Date "2024.01.16"]
[WhiteElo "2212"]
[BlackElo "2206"]
[PlyCount "100"]
[EventDate "2024.01.16"]
[EventType "swiss (blitz)"]
[EventRounds "11"]
[EventCountry "USA"]
[SourceTitle "CBM 218 Extra"]
[Source "ChessBase"]
[SourceDate "2024.03.31"]
[SourceVersion "1"]
[SourceVersionDate "2024.03.31"]
[SourceQuality "1"]

1. e4 c5 2. Nf3 Nc6 3. Bb5 Nf6 4. Bxc6 dxc6 5. d3 Bg4 6. Nbd2 e6 7. h3 Bh5 8. Nf1 Nd7 9. g4 Bg6 10. Ng3 Bd6 11. Ne2 f6 12. Be3 Qe7 13. Qd2 h5 14. 0-0-0 0-0-0 15. Kb1 hxg4 16. hxg4 e5 17. Ng3 Rxh1 18. Rxh1 Qe6 19. Nf5 Bf8 20. Rh8 Bf7 21. b3 g6 22. Ng3 Qxg4 23. Nh2 Qe6 24. Qa5 a6 25. Nhf1 Be7 26. Rh7 Bg8 27. Rh6 Bf8 28. Rh2 f5 29. f4 Bd6 30. Rf2 exf4 31. Bxf4 Bxf4 32. Rxf4 Qe5 33. Qd2 Nf6 34. exf5 Nd5 35. Rc4 gxf5 36. Rxc5 Bh7 37. Ne2 Re8 38. Nc1 f4 39. d4 Qe1 40. Qg2 Qe4 41. Qd2 Ne3 42. Nh2 Nd5 43. Nf1 Bf5 44. Nd3 f3 45. Ne5 Qe2 46. Qc1 f2 47. Ng3 Qe1 48. Nxf5 Qxc1+ 49. Kxc1 f1Q+ 50. Kb2 Qxf5 0-1

[Event "Titled Tuesday intern op 09th Jan Early"]
[White "Mahdavi, Reza"]
[Black "Rakitin, Daniil"]
[Site "Chess.com INT"]
[Round "7"]
[Result "1-0"]
[Date "2024.01.09"]
[WhiteElo "2312"]
[BlackElo "2206"]
[PlyCount "35"]
[EventDate "2024.01.09"]
[EventType "swiss (blitz)"]
[EventRounds "11"]
[EventCountry "USA"]
[SourceTitle "CBM 218 Extra"]
[Source "ChessBase"]
[SourceDate "2024.03.31"]
[SourceVersion "1"]
[SourceVersionDate "2024.03.31"]
[SourceQuality "1"]

1. e4 c5 2. Nf3 Nc6 3. d4 cxd4 4. Nxd4 Nf6 5. Nc3 d6 6. Bg5 e6 7. Qd3 a6 8. Nxc6 bxc6 9. Qg3 d5 10. 0-0-0 Qa5 11. Bd2 Qb6 12. Bd3 Bd7 13. Rhe1 d4 14. Na4 Qa7 15. b3 Ba3+ 16. Kb1 0-0 17. Qh4 c5 18. e5 1-0

[Event "Titled Tuesday intern op 02nd Jan Early"]
[White "Gomez Falagan, Daniel"]
[Black "Rakitin, Daniil"]
[Site "Chess.com INT"]
[Round "1"]
[Result "0-1"]
[Date "2024.01.02"]
[WhiteElo "2321"]
[BlackElo "2206"]
[PlyCount "84"]
[EventDate "2024.01.02"]
[EventType "swiss (blitz)"]
[EventRounds "11"]
[EventCountry "USA"]
[SourceTitle "EXT 2025"]
[Source "ChessBase"]
[SourceDate "2024.10.14"]
[SourceVersion "1"]
[SourceVersionDate "2024.10.14"]
[SourceQuality "1"]

1. Nf3 d5 2. b3 Nf6 3. Bb2 Bf5 4. g3 e6 5. Bg2 h6 6. 0-0 Be7 7. d3 0-0 8. Nbd2 c6 9. Re1 Bh7 10. e4 a5 11. a4 Na6 12. e5 Nd7 13. Nd4 Rc8 14. f4 Nb4 15. N2f3 c5 16. Nb5 c4 17. dxc4 Nxc2 18. cxd5 exd5 19. Qxd5 Nxa1 20. Bxa1 Nc5 21. Qxd8 Rfxd8 22. Nfd4 Nd3 23. Rd1 Nc5 24. Re1 Bd3 25. Bh3 Rb8 26. Bc3 Bxb5 27. axb5 a4 28. Nf5 Bf8 29. bxa4 Nxa4 30. Ba1 g6 31. Ne3 Nc5 32. Bg2 Nd3 33. Re2 Bc5 34. Kf1 Nc1 35. Re1 Nb3 36. Bc3 Rd3 37. Nd5 Rd8 38. Nf6+ Kf8 39. Bb2 Rd2 40. Bc1 Rf2+ 41. Kg1 Nxc1 42. Nh7+ Kg7 0-1